Kraje w których jest metro - Statystyki

Ogólne statystyki
  • Ten quiz został rozwiązany 54 razy
  • Średni wynik to 48 z 55
Statystyki odpowiedzi
Kraj Data otwarcia % Poprawnych
Kanada 1954
100%
Polska 1995
100%
Stany Zjednoczone 1897
100%
Wielka Brytania 1863
100%
Francja 1900
98%
Meksyk 1969
98%
Brazylia 1974
96%
Rosja 1935
96%
Ukraina 1960
96%
Włochy 1955
96%
Egipt 1987
94%
Hiszpania 1919
94%
Niemcy 1902
94%
Szwecja 1950
94%
Argentyna 1913
92%
Australia 2019
92%
Belgia 1976
92%
Chile 1975
92%
Chiny 1971
92%
Holandia 1968
92%
Japonia 1927
92%
Norwegia 1966
92%
Peru 2011
92%
Portugalia 1959
92%
Austria 1976
90%
Czechy 1974
90%
Dania 2002
90%
Finlandia 1982
90%
Kolumbia 1995
90%
Rumunia 1979
90%
Węgry 1896
90%
Wenezuela 1983
90%
Białoruś 1984
88%
Grecja 1904
88%
Indie 1984
88%
Turcja 1989
88%
Arabia Saudyjska 2010
86%
Szwajcaria 2008
86%
Korea Południowa 1973
84%
Bułgaria 1998
82%
Panama 2014
82%
Algieria 2011
80%
Iran 2000
78%
Korea Północna 1973
78%
Tajlandia 1999
76%
Zjednoczone Emiraty Arabskie 2009
76%
Malezja 1996
75%
Singapur 1987
73%
Dominikana 2009
71%
Kazachstan 2011
71%
Azerbejdżan 1967
67%
Gruzja 1966
67%
Armenia 1981
65%
Filipiny 1984
65%
Uzbekistan 1977
63%
Nie znaleziono quizów pasujących do podanych kryteriów
Rozkład punktacji
Procent ludzi z każdym wynikiem
Percentyl według liczby udzielonych odpowiedzi
Twoja historia wyników
Nie rozwiązałeś tego quizu